Zgadnij grupę kpop po podpowiedziać - Statystyki

Ogólne statystyki
  • Ten quiz został rozwiązany 580 razy
  • Średni wynik to 8 z 15
Statystyki odpowiedzi
Wskazówka Odpowiedź % Poprawnych
kwangya, black mamba, re-make aespa
90%
feliz navidad, uno, aussie stray kids
86%
paved the way, billboard, magic shop bts
83%
swastyka, jyp, 2015 twice
80%
iland, teledysk z polski, dużo dram enhypen
76%
piraci, 8 makes 1 team ateez
59%
drama o bullying, nieustraszone, baletnica i śpiewaczka operowa le sserafim
59%
pierwsze photocardy, gee girls generation
48%
zmieniający się bit, młode, głupi i głupie nmixx
38%
girls power, królowe kart, drama o bullying idle
34%
bojkot, podzielona na dwie grupy loona
34%
kosmos, członkowie mają moce exo
30%
planety, 999, evil edit kep1er
29%
jedyny zespół z 500mln wyświetleń nie spod big4 momoland
9%
cosmo, S*, grupy przechodnie triples
8%
Nie znaleziono quizów pasujących do podanych kryteriów
Rozkład punktacji
Procent ludzi z każdym wynikiem
Percentyl według liczby udzielonych odpowiedzi
Twoja historia wyników
Nie rozwiązałeś tego quizu